LEADER 03541nam 22006255 450 001 9910484101003321 005 20200701201436.0 010 $a3-319-95843-7 024 7 $a10.1007/978-3-319-95843-9 035 $a(CKB)4100000007279047 035 $a(MiAaPQ)EBC5622506 035 $a(DE-He213)978-3-319-95843-9 035 $a(PPN)243771525 035 $a(EXLCZ)994100000007279047 100 $a20181219d2019 u| 0 101 0 $aeng 135 $aurcnu|||||||| 181 $ctxt$2rdacontent 182 $cc$2rdamedia 183 $acr$2rdacarrier 200 10$aComputational Methods to Study the Structure and Dynamics of Biomolecules and Biomolecular Processes $eFrom Bioinformatics to Molecular Quantum Mechanics /$fedited by Adam Liwo 205 $a2nd ed. 2019. 210 1$aCham :$cSpringer International Publishing :$cImprint: Springer,$d2019. 215 $a1 online resource (850 pages) 225 1 $aSpringer Series on Bio- and Neurosystems,$x2520-8535 ;$v8 311 $a3-319-95842-9 327 $aMolecular simulations: methodology -- Molecular simulations: applications -- Use of structural database or experimental information in modeling protein structure and dynamics -- Applications of molecular quantum mechanics. 330 $aThis book provides a comprehensive overview of modern computer-based techniques for analyzing the structure, properties and dynamics of biomolecules and biomolecular processes. It is organized in four main parts; the first one deals with methodology of molecular simulations; the second one with applications of molecular simulations; the third one introduces bioinformatics methods and the use of experimental information in molecular simulations; the last part reports on selected applications of molecular quantum mechanics. This second edition has been thoroughly revised and updated to include the latest progresses made in the respective field of research. 410 0$aSpringer Series on Bio- and Neurosystems,$x2520-8535 ;$v8 606 $aComputational intelligence 606 $aBioinformatics 606 $aProteins 606 $aChemistry, Physical and theoretical 606 $aStatistical physics 606 $aComputational Intelligence$3https://scigraph.springernature.com/ontologies/product-market-codes/T11014 606 $aComputational Biology/Bioinformatics$3https://scigraph.springernature.com/ontologies/product-market-codes/I23050 606 $aProtein Science$3https://scigraph.springernature.com/ontologies/product-market-codes/L14040 606 $aTheoretical and Computational Chemistry$3https://scigraph.springernature.com/ontologies/product-market-codes/C25007 606 $aStatistical Physics and Dynamical Systems$3https://scigraph.springernature.com/ontologies/product-market-codes/P19090 615 0$aComputational intelligence. 615 0$aBioinformatics. 615 0$aProteins. 615 0$aChemistry, Physical and theoretical. 615 0$aStatistical physics. 615 14$aComputational Intelligence. 615 24$aComputational Biology/Bioinformatics. 615 24$aProtein Science. 615 24$aTheoretical and Computational Chemistry. 615 24$aStatistical Physics and Dynamical Systems. 676 $a572.330113 702 $aLiwo$b Adam$4edt$4http://id.loc.gov/vocabulary/relators/edt 906 $aBOOK 912 $a9910484101003321 996 $aComputational Methods to Study the Structure and Dynamics of Biomolecules and Biomolecular Processes$91979677 997 $aUNINA